ბათუმის შოთა რუსთაველის სახელმწიფო უნივერსიტეტის ბიბლიოთეკა

Прибыли и убытки фирмы:Структура, Бухгалтерский учет налогообложение (ბიბ.ჩანაწერი № 36955)

000 -LEADER
fixed length control field 00692nam a2200229Ia 4500
001 - CONTROL NUMBER
control field 2907
003 - CONTROL NUMBER IDENTIFIER
control field GE_BSU
008 - FIXED-LENGTH DATA ELEMENTS--GENERAL INFORMATION
fixed length control field 181216s||||||||xx |||||||||||||| ||und||
020 ## - INTERNATIONAL STANDARD BOOK NUMBER
International Standard Book Number 5773300850
040 ## - CATALOGING SOURCE
Transcribing agency GE_BSU
080 ## - UNIVERSAL DECIMAL CLASSIFICATION NUMBER
Universal Decimal Classification number 657.02+330
100 ## - MAIN ENTRY--PERSONAL NAME
Personal name Кемтер В.Б, Е.Ф.Мосин Е.Ф;
245 ## - TITLE STATEMENT
Title Прибыли и убытки фирмы:Структура, Бухгалтерский учет налогообложение
260 ## - PUBLICATION, DISTRIBUTION, ETC.
Place of publication, distribution, etc. СПБ
260 ## - PUBLICATION, DISTRIBUTION, ETC.
Name of publisher, distributor, etc. ЗАО,ЗЛБ
260 ## - PUBLICATION, DISTRIBUTION, ETC.
Date of publication, distribution, etc. 1997
300 ## - PHYSICAL DESCRIPTION
Extent 496 см. 20 см.
653 ## - INDEX TERM--UNCONTROLLED
Uncontrolled term Бухгалтерский учет
653 ## - INDEX TERM--UNCONTROLLED
Uncontrolled term Прибыли и убытки фирмы
942 ## - ADDED ENTRY ELEMENTS (KOHA)
Koha item type წიგნი
ეგზემპლარები
Withdrawn status Lost status Damaged status Not for loan Date acquired Barcode Date last seen Price effective from Koha item type Public note
        2018-12-17 7918 2018-12-17 2018-12-17 წიგნი  
        2018-12-17 7919 2018-12-17 2018-12-17 წიგნი დარბაზი
        2018-12-17 8169 2018-12-17 2018-12-17 წიგნი დარბაზი